Zborník Filozofickej fakulty Univerzity Komenského Žurnalistika
| Format: | Journal |
|---|---|
| Language: | Slovak English German |
| Published: |
Bratislava
Slovenské pedagogické nakladateľstvo
1968-
|
MARC
| LEADER | 00000cas a2200000 a 4500 | ||
|---|---|---|---|
| 001 | vtls001328776 | ||
| 003 | SK-MaSNL | ||
| 005 | 20260221124154.0 | ||
| 008 | 980422c19689999xo r p 0 0b0slo c | ||
| 035 | |a SNK000281605 | ||
| 040 | |a SNK |b slo |c SNK |e AACR2 | ||
| 041 | 0 | |a slo |a eng |a ger | |
| 044 | |a xo |c SK | ||
| 210 | 0 | |a Zb. Filoz. fak. Univ. Komenského, Žurnal. | |
| 222 | |a Zborník Filozofickej fakulty Univerzity Komenského. Žurnalistika | ||
| 245 | 0 | 0 | |a Zborník Filozofickej fakulty Univerzity Komenského |p Žurnalistika |
| 246 | 3 | 0 | |a Žurnalistika |
| 260 | |a Bratislava |b Slovenské pedagogické nakladateľstvo |c 1968- | ||
| 310 | |a Nepravidelne | ||
| 362 | 0 | |a 1 (1968)- | |
| 910 | |a snk | ||
| 999 | |c 11623 |d 13553 | ||
| 952 | |0 0 |1 0 |4 0 |7 0 |a SNK |b SNK |d 1998-04-22 |l 0 |o snkČSC 1759/6/1974 |p 17A0136894 |r 2005-01-02 00:00:00 |w 2026-02-21 |y PREZ | ||


